000 00783nam a2200205 a 4500
003 0
005 20250405091750.0
008 050809s19uu xx 00 eng d
050 _aPGS RA 645.M4
_b.M765 2005
100 _aMontaño, Ysabella.
245 _aThe awareness of Meningoccocemia among grade 6 students of SISC /
_cYsabella Montaño.
260 _aLas Piñas City, Philippines :
_bSouthville International School and Colleges,
_c2005.
300 _a25 pages :
_bcolored illustrations ;
_c28 cm.
504 _aIncludes bibliographic references.
650 _aMeningococcal infections
_vPrevention.
650 _aMeningococcal infections
_vHealth education.
650 _aChildren
_vHealth and hygiene.
650 _aAwareness
_vHealth aspects.
942 _2lcc
_cPASS
999 _c97395
_d97395